Stephen King By Character Quiz Stats

Quiz Updated Oct 23, 2014

Challenge
Share
Tweet
Embed
Score 0/20 Timer 04:00
3 Plays Today
% Correct
Carrie
92.1%
The Shining
86.4%
Misery
53.6%
The Stand
50.5%
The Gunslinger
42.7%
The Green Mile
41.5%
It
40.4%
The Body
40.4%
Firestarter
37.4%
Christine
35.4%
% Correct
The Dead Zone
32.7%
Pet Sematary
30.8%
The Running Man
25.5%
Salem's Lot
25.2%
Hearts in Atlantis
22.7%
Bag of Bones
21.6%
The Talisman
20.3%
The Long Walk
19.8%
Thinner
16.7%
The Tommyknockers
15.4%

You're not logged in!

Compare scores with friends on all Sporcle quizzes.
Join for Free
OR
Log In

You Might Also Like...

Show Comments

Extras

Top Quizzes Today


Score Distribution

Your Account Isn't Verified!

In order to create a playlist on Sporcle, you need to verify the email address you used during registration. Go to your Sporcle Settings to finish the process.

Report this User

Report this user for behavior that violates our Community Guidelines.

Details: